Essays on the Gita (Record no. 16582)

MARC details
000 -LEADER
fixed length control field 00658nam a2200241 a 4500
020 ## - INTERNATIONAL STANDARD BOOK NUMBER
ISBN 9788180901942
082 00 - DEWEY DECIMAL CLASSIFICATION NUMBER
Classification number 294.592
Author Cutter GHO
100 ## - MAIN ENTRY--AUTHOR NAME
Author name Ghose, Sri Aurobindo
245 ## - TITLE STATEMENT
Title Essays on the Gita
Sub title Sanskrit Verses in Devanagari & Roman Transliteration
260 ## - PUBLICATION, DISTRIBUTION, ETC. (IMPRINT)
Place of publication Delhi
Name of publisher Bharatiya Kala Prakashan
Year of publication 2011
300 ## - PHYSICAL DESCRIPTION
Number of Pages 408p
500 ## - GENERAL NOTE
General note includes index and biblioraphy
505 2# - FORMATTED CONTENTS NOTE
Formatted contents note Appendices
650 ## - SUBJECT ADDED ENTRY--TOPICAL TERM
Topical Term Bhagavad Gita
942 ## - ADDED ENTRY ELEMENTS (KOHA)
Koha item type Books
700 1# -
-- Ghose, Sri Aurobindo
Holdings
Collection code Home library Current library Date acquired Cost, normal purchase price Full call number Accession Number Koha item type
  Henry Martyn Institute Library Henry Martyn Institute Library 02/19/2013 750.00 294.592 GHO 024044 Books
                   Copyright © 2026 | Henry Martyn Institute | Hyderabad | TS-500052 | INDIA | Implemented by hmi.edu.in
Hit-Count:

Powered by Koha